000 01953nkc a2200301za 4500
001 84584
003 OSt
005 20260423160606.0
007 kh boc
008 250410s1909 sp ||||| ||||||0| i|spa d
040 _cM-RABA
_aM-RABA
_bspa
245 0 0 _aAlegoría del nacimiento del infante heredero del Trono
_h[Material gráfico]
_c/ Cosme Velázquez
246 _aAlegoría del nacimiento del infante Carlos Eusebio
260 _b[Hauser y Menet]
_c, [ca. 1909]
300 _a1 fotografía
_b: gelatina de plata
_c; imagen 19,5 x 11 cm
_c; soporte secundario 30 x 24 cm
500 _aFotografía del relieve "Alegoría del nacimiento del infante Carlos Eusebio", presentada al concurso trienal de premios de 1781. Se sabe que Velázquez obtuvo el primer premio y que se presentaron también Martín Gutiérrez y José Rodríguez Díaz. La Academia solo conserva este relieve con nº de inventario E-1781 y no se ha podido averiguar a cuál de los tres pertenece.
500 _aMontada sobre un soporte secundario de cartón, con texto manuscrito a lápiz en la parte inferior al recto: "Alegoría del nacimiento del infante heredero del Trono. 1781-1ª clase. 1º premio D. Cosme Velázquez. 2º id. Martín Gutiérrez José Rodríguez". Nota manuscrita al verso a lápiz: "1781".
500 _aFecha probable de la realización de la fotografía realizada por Hauser y Menet.
544 _aArchivo de la Real Academia de Bellas Artes de San Fernando (Le-4-29-1)
600 1 0 _aVelázquez, Cosme
_d(1755-1837)
_9111691
610 2 4 _aReal Academia de Bellas Artes de San Fernando.
_975832
651 7 _aMadrid
_2embne
_975182
655 7 _aFotografías de obras de arte
_975675
710 2 _aHauser y Menet (Madrid)
_950978
852 _jFot-610
856 _3Fot-610
_uhttps://archivoybiblioteca.realacademiabellasartessanfernando.com/cgi-bin/koha/opac-retrieve-file.pl?id=8a527c7911b6f2c7e49705c890779074
942 _2ddc
_cFOTOGRAFÍA
_n0
999 _c84584
_d84584